000 00959cam a2200313 i 4500
999 _c534648
_d534648
001 364699
003 NUST
005 20200312161647.0
008 771216s1975 enka 000 0 eng
010 _a 77370748
015 _aGB77-07573
020 _a0198319258 :
_c£0.60
038 _awaseem
040 _aDLC
_cDLC
_dDLC
050 0 0 _aPR2803.A2
_bB5 1975
082 0 0 _a822.33
_bSHA
100 1 _aShakespeare, William,
_d1564-1616.
_93310
245 1 0 _aAs you like it /
_cWilliam Shakespeare ; edited by Isabel J. Bisson.
260 _aOxford :
_bClarendon Press,
_c1975.
300 _a190 p. :
_bill. ;
_c17 cm.
490 0 _aThe New Clarendon Shakespeare
650 0 _aFathers and daughters
_xDrama.
_928932
650 0 _aExiles
_xDrama.
_928933
655 7 _aPastoral drama.
_2gsafd
_928934
655 7 _aComedies.
_2gsafd
_93314
700 1 _aBisson, Isabel J.
_928935
906 _a7
_bcbc
_corignew
_d3
_encip
_f19
_gy-gencatlg
942 _2ddc
_cBK